Benedictinisches Welt-Wunder, Vorgestellt In der Heil. Groß-Britannischen Königl. Princessin und Jungfräulichen Abbtissin Walburga, auß dem Heil Benedictiner-Orden : Wie auch, In dem übernatürlichen Oel-Fluß, Welcher in der Hoch-Fürstl. Bischöfl: Haupt- und Residentz-Stadt Aychstätt in Francken auß Dero reinisten Brust-Gebäineren, als ein Miraculoses Universal-Mittel wider alle leibliche Gebresten schon bey 900. Jahr hervor gequellet. Zum erstenmal also vollkommentlich beschrieben, Und neben Beyfügung der bißhero, insonderheit von Anno 1700. biß auf 1724. durch den Gebrauch dises Heil. Oehls geschehen Wunder-würdigen Gesundheitscuren. Auf Christ-eyfriges Anhalten gantzer Länder und Königreich, der spat- und krancken Nach-Welt zum höchsten Trost in Druck ververtiget /

Main Author: Goudin, Anselm, 1677-1742
Other Authors: Walburga, svatá, asi 710-779
Language: German
Published: Aychstatt : gedruckt bey Frantz Strauß, Hof-Buchdruck- u. Buchhandlern, 1716
Physical Description: [22], 599, [8] s.
Book
Saved in:
LEADER 01857nam a22003257a 4500
001 mzk03001195085
003 CZ BrMZK
005 20160607072211.0
007 ta
008 070724s1716 gw fr|||||00| ||gerod
040 |a BOA001  |b cze  |c BOA001 
072 7 |a 094  |x Staré tisky  |2 Konspekt  |9 12 
080 |a (0.068)094  |2 MRF 
100 1 |a Goudin, Anselm,  |d 1677-1742  |7 mzk2007401452  |4 aut 
245 1 0 |a Benedictinisches Welt-Wunder, Vorgestellt In der Heil. Groß-Britannischen Königl. Princessin und Jungfräulichen Abbtissin Walburga, auß dem Heil Benedictiner-Orden :  |b Wie auch, In dem übernatürlichen Oel-Fluß, Welcher in der Hoch-Fürstl. Bischöfl: Haupt- und Residentz-Stadt Aychstätt in Francken auß Dero reinisten Brust-Gebäineren, als ein Miraculoses Universal-Mittel wider alle leibliche Gebresten schon bey 900. Jahr hervor gequellet. Zum erstenmal also vollkommentlich beschrieben, Und neben Beyfügung der bißhero, insonderheit von Anno 1700. biß auf 1724. durch den Gebrauch dises Heil. Oehls geschehen Wunder-würdigen Gesundheitscuren. Auf Christ-eyfriges Anhalten gantzer Länder und Königreich, der spat- und krancken Nach-Welt zum höchsten Trost in Druck ververtiget /  |c Von P. Anselmo Goudin 
260 |a Aychstatt :  |b gedruckt bey Frantz Strauß, Hof-Buchdruck- u. Buchhandlern,  |c 1716 
300 |a [22], 599, [8] s. 
510 3 |a SBB (Staatsbibliothek zu Berlin) 
655 7 |a staré tisky  |7 fd422076  |2 czenas 
700 0 |a Walburga,  |c svatá,  |d asi 710-779  |7 xx0029621  |4 hnr 
903 |a RP 
910 |a SVE951  |b D-H.d.29 
978 |b Strauss, Franz  |a Eichstadt  |c 1716 
984 |a Eichstätt  |b Německo 
985 |a 1701-1750 
990 |a BK 
993 |a Y 
991 |k dacice 
980 |g D-H.d.29  |1 4584201294 
996 6 |b 4584201294  |c D-H.d.29  |l stud. ST  |r Sklad / do násl. otevíracího dne  |n 0  |w 001683337  |u 000010  |a 1  |e BOA001  |s P